Grasping God's word : (Record no. 11080)

MARC details
000 -LEADER
fixed length control field 03663cam a22004337i 4500
001 - CONTROL NUMBER
control field 22684908
003 - CONTROL NUMBER IDENTIFIER
control field GBCCL
005 - DATE AND TIME OF LATEST TRANSACTION
control field 20251202114516.0
008 - FIXED-LENGTH DATA ELEMENTS--GENERAL INFORMATION
fixed length control field 220707s2020 miua b 001 0 eng d
020 ## - INTERNATIONAL STANDARD BOOK NUMBER
International Standard Book Number 9780310109174
Qualifying information (hardcover)
020 ## - INTERNATIONAL STANDARD BOOK NUMBER
International Standard Book Number 0310109175
Qualifying information (hardcover)
035 ## - SYSTEM CONTROL NUMBER
System control number 22684908
035 ## - SYSTEM CONTROL NUMBER
System control number (OCoLC)1152424917
040 ## - CATALOGING SOURCE
Original cataloging agency YDX
Language of cataloging eng
Transcribing agency YDX
Description conventions rda
Modifying agency VCB
-- IHT
-- OCLCF
-- OCLCO
-- YDXIT
-- HF9
-- OCLCO
-- OCLCQ
-- OCLCO
-- DLC
082 04 - DEWEY DECIMAL CLASSIFICATION NUMBER
Classification number 220.601
Edition information 23
Item number DUV 1
100 1# - MAIN ENTRY--PERSONAL NAME
Personal name Duvall, J. Scott,
Relator term author.
245 10 - TITLE STATEMENT
Title Grasping God's word :
Remainder of title a hands-on approach to reading, interpreting, and applying the Bible /
Statement of responsibility, etc. J. Scott Duvall, J. Daniel Hays ; forewords by Mark L. Strauss and Kevin J. Vanhoozer.
250 ## - EDITION STATEMENT
Edition statement Fourth edition.
264 #1 - PRODUCTION, PUBLICATION, DISTRIBUTION, MANUFACTURE, AND COPYRIGHT NOTICE
Place of production, publication, distribution, manufacture Grand Rapids, Michigan :
Name of producer, publisher, distributor, manufacturer Zondervan Academic,
Date of production, publication, distribution, manufacture, or copyright notice [2020]
300 ## - PHYSICAL DESCRIPTION
Extent xix, 562 pages :
Other physical details illustrations ;
Dimensions 24 cm
336 ## - CONTENT TYPE
Content type term text
Content type code txt
Source rdacontent
337 ## - MEDIA TYPE
Media type term unmediated
Media type code n
Source rdamedia
338 ## - CARRIER TYPE
Carrier type term volume
Carrier type code nc
Source rdacarrier
504 ## - BIBLIOGRAPHY, ETC. NOTE
Bibliography, etc. note Includes bibliographical references and indexes.
505 0# - FORMATTED CONTENTS NOTE
Formatted contents note Part 1. How to read the book: basic tools -- Bible translation -- The interpretive journey -- How to read the book: sentences -- How to read the book: paragraphs -- How to read the book: discourses -- Part 2. Contexts: now and then -- The historical-cultural context -- What do we bring to the text? -- The literary context -- Word studies -- Part 3. Meaning and application -- Who controls the meaning? -- Levels of meaning -- The role of the Holy Spirit -- Application -- Part 4. The interpretive journey: New Testament -- New Testament: letters -- New Testament: gospels -- New Testament: Acts -- New Testament: Revelation -- Part 5. The interpretive journey: Old Testament -- Old Testament: narrative -- Old Testament: law -- Old Testament: poetry -- Old Testament: prophets -- Old Testament: wisdom -- Appendix 1: Inspiration and canon -- Appendix 2: Writing an exegetical paper -- Appendix 3: Building a personal library.
520 ## - SUMMARY, ETC.
Summary, etc. Grasping God's Word has proven itself in classrooms across the country as an invaluable help to students who want to learn how to read, interpret, and apply the Bible for themselves. This book will equip you with a five-step Interpretive Journey that will help you make sense of any passage in the Bible. It will also guide you through all the different genres found in the Bible to help you learn the specifics of how to best approach each one. Filling the gap between approaches that are too simple and others that are too technical, this book starts by equipping readers with general principles of interpretation, then moves on to apply those principles to specific genres and contexts. -- Provided by publisher.
520 ## - SUMMARY, ETC.
Summary, etc. An indispensable approach to reading, interpreting and applying the Bible that teaches students how to carefully read Scripture in the biblical context, and to dig deeper into the Word of God so they will be able to understand the Bible correctly and apply its meaning to their lives. Revised and updated fourth edition. --
Assigning source Publisher's description.
630 00 - SUBJECT ADDED ENTRY--UNIFORM TITLE
Uniform title Bible
General subdivision Hermeneutics
Form subdivision Textbooks.
630 07 - SUBJECT ADDED ENTRY--UNIFORM TITLE
Uniform title Bible.
Source of heading or term fast
Authority record control number or standard number (OCoLC)fst01356024
650 #0 - SUBJECT ADDED ENTRY--TOPICAL TERM
Topical term or geographic name entry element Hermeneutics
General subdivision Study and teaching.
650 #6 - SUBJECT ADDED ENTRY--TOPICAL TERM
Topical term or geographic name entry element Herméneutique
General subdivision Étude et enseignement.
650 #7 - SUBJECT ADDED ENTRY--TOPICAL TERM
Topical term or geographic name entry element Hermeneutics.
Source of heading or term fast
Authority record control number or standard number (OCoLC)fst00955492
650 #7 - SUBJECT ADDED ENTRY--TOPICAL TERM
Topical term or geographic name entry element Hermeneutics
General subdivision Study and teaching.
Source of heading or term fast
Authority record control number or standard number (OCoLC)fst00955509
655 #7 - INDEX TERM--GENRE/FORM
Genre/form data or focus term Textbooks.
Source of term fast
Authority record control number or standard number (OCoLC)fst01423863
700 1# - ADDED ENTRY--PERSONAL NAME
Personal name Hays, J. Daniel,
Dates associated with a name 1953-
Relator term author.
906 ## - LOCAL DATA ELEMENT F, LDF (RLIN)
a 7
b cbc
c copycat
d 2
e ncip
f 20
g y-gencatlg
942 ## - ADDED ENTRY ELEMENTS (KOHA)
Source of classification or shelving scheme Dewey Decimal Classification
Koha item type Books
Suppress in OPAC No
Holdings
Withdrawn status Lost status Source of classification or shelving scheme Damaged status Not for loan Home library Current Library Shelving location Date acquired Total checkouts Total renewals Full call number Barcode Date last seen Date last checked out Copy number Price effective from Koha item type
    Dewey Decimal Classification     GRACE BIBLE COLLEGE GRACE BIBLE COLLEGE Biblical Studies 2025-12-02 1 4 220.601 DUV 017380 2026-03-24 2025-12-03 c.1 2025-12-02 Books
    Dewey Decimal Classification     GRACE BIBLE COLLEGE GRACE BIBLE COLLEGE Biblical Studies 2025-12-02 2   220.601 DUV 017381 2026-03-02 2026-02-26 c.2 2025-12-02 Books
    Dewey Decimal Classification     GRACE BIBLE COLLEGE GRACE BIBLE COLLEGE Biblical Studies 2025-12-02 1   220.601 DUV 017382 2026-02-16 2026-02-11 c.3 2025-12-02 Books
    Dewey Decimal Classification     GRACE BIBLE COLLEGE GRACE BIBLE COLLEGE Biblical Studies 2025-12-02 2   220.601 DUV 017383 2026-03-10 2026-02-27 c.4 2025-12-02 Books
    Dewey Decimal Classification     GRACE BIBLE COLLEGE GRACE BIBLE COLLEGE Biblical Studies 2025-12-02 2   220.601 DUV 017384 2026-03-02 2026-02-23 c.5 2025-12-02 Books
© Grace Bible College Library 2025